駅名に「坂」を含む駅 - Statistics

General Stats
  • This quiz has been taken 177 times
  • The average score is 26 of 73
Answer Stats
Hint Answer % Correct
坂町
95%
坂戸市 坂戸
85%
会津坂下町 会津坂下
76%
前橋市 赤坂
75%
港区 赤坂
75%
都留市 赤坂
75%
福岡市 赤坂
75%
坂戸市 北坂戸
74%
八代市 坂本
69%
坂城町 坂城
68%
中野区 中野坂上
64%
須坂市 須坂
64%
港区 赤坂見附
63%
港区 乃木坂
63%
中津川市 坂下
63%
坂出市 坂出
63%
坂祝町 坂祝
62%
東松山市 高坂
60%
米原市 坂田
58%
新宿区 神楽坂
55%
村上市 坂町
55%
飛騨市 坂上
53%
板橋区 志村坂上
48%
大津市 比叡山坂本
47%
須坂市 北須坂
45%
新宿区 牛込神楽坂
41%
北杜市 長坂
41%
白河市 白坂
37%
大津市 坂本比叡山口
37%
山元町 坂元
35%
東村山市 八坂
35%
中津川市 美乃坂本
35%
郡上市 八坂
35%
さくら市 蒲須坂
33%
新温泉町 浜坂
31%
世田谷区 宮の坂
30%
奥出雲町 出雲坂根
30%
大垣市 美濃赤坂
28%
豊川市 小坂井
28%
福島市 飯坂温泉
26%
豊川市 西小坂井
26%
赤穂市 坂越
25%
新見市 坂根
25%
吹田市 江坂
24%
福岡市 桜坂
24%
筑北村 坂北
23%
青森市 鶴ケ坂
22%
下呂市 飛騨小坂
22%
福山市 備後赤坂
22%
熊本市 田原坂
22%
阿久比町 坂部
18%
日野町 黒坂
16%
三次市 三良坂
16%
八幡平市 赤坂田
15%
名古屋市 茶屋ヶ坂
15%
福島市 庭坂
14%
福島市 花水坂
14%
武雄市 三間坂
14%
会津坂下町 会津坂本
13%
熊本市 韓々坂
13%
大分市 坂ノ市
13%
勝山市 発坂
12%
広島市 戸坂
12%
鹿児島市 坂之上
12%
名古屋市 尼ヶ坂
11%
豊川市 名電赤坂
11%
小郡市 味坂
11%
上田市 赤坂上
10%
富山市 婦中鵜坂
9%
高岡市 坂下町
9%
神戸町 東赤坂
9%
豊橋市 東田坂上
9%
大阪市 聖天坂
5%
No matching quizzes found
Score Distribution
Percent of People with Each Score
Percentile by Number Answered
Your Score History
You have not taken this quiz